01233nam a2200277 a 450000100100000000500170001000800410002704000250006804100380009308200170013110000310014824000490017924501320022826000360036030000260039649000390042253400690046165000320053070000340056270000400059683000460063604900090068295201210069195201260081299900170093800002373220250715130127.0110112s1968 ag r 000 0 spa d aDO-SdBNPbspacBNPHU17aspabeng2Código de idioma MARC a370.9bM693s1 aMoehlman, Arthur H.94886410aComparative educational systems.lEspañol.10aSistemas de educación comparados /cArthur Henry Moehlman ; traducción de Luis Echavarri ; prólogo de Oliver J. Caldwell. aBuenos Aires :bTroquel,c1968. a135, [2] p. ;c23 cm.1 aBiblioteca de la nueva educación aTítulo original en inglés:tComparative educational systems. 0aEducación comparada947221 aEchávarri, Luisetr.9136311 aCaldwell, Oliver J.epról.948865 0aBiblioteca de la nueva educación948866 aBNGR 001054708MOaGRbGRcCTd2011-01-12iLF1l0o370.9 M693sp23732-10r2020-06-25w2020-06-25y4ZPréstamo en sala 001054728MOaGRbGRcCTd2011-01-12iLF1l0o370.9 M693sp23732-20r2020-06-25te.2w2020-06-25y4ZPréstamo en sala c23228d23228